Tiere der Jahre in Deutschland - Statistiken

Allgemein
  • Dieses Quiz wurde 260 mal gespielt
  • Das Durchschnittsergebnis liegt bei 13 aus 29
Antwortstatistiken
Bildquiz Hint Antwort % Korrekt
2019 Reh
97%
2020 Maulwurf
90%
2005 Braunbär
81%
2010 Dachs
81%
2003 Wolf
81%
2018 Europäsche Wildkatze
80%
1993 Wildkatze
80%
2007 Elch
77%
2015 Feldhase
70%
2001 Feldhase
70%
1992 Fledermaus
58%
2006 Seehund
53%
2016 Feldhamster
49%
1996 Feldhamster
49%
2014 Wisent
37%
2008 Wisent
37%
2012 Gämse
31%
1999 Fischotter
28%
2017 Haselmaus
24%
2004 Siebenschläfer
24%
2002 Rotwild
20%
1994 Rotwild
20%
1998 Unke
12%
2013 Mauswiesel
11%
2011 Eurasischer Luchs
8%
1997 Alpensteinbock
7%
1995 Apollofalter
4%
2000 Äskulapnatter
3%
2009 Braunbrustigel
3%
Keine übereinstimmenden Quizze gefunden
Verteilung der Resultate
Anzahl Personen mit jedem Resultat
Perzentil nach korrekt beantworteten Fragen
Ihre Resultats-Entwicklung
Sie haben dieses Quiz noch nicht gespielt